000 00267nam a22001217a 4500
008 171123b xxu||||| |||| 00| 0 eng d
041 _aeng
080 _a612.39
100 _a10
101 _aNUT
245 _aYEARBOOK OF AGRICULTURE
_cWALLACE,H,A
942 _2udc
_cBK
999 _c38391
_d38391